000 00696nam a2200289Ia 4500
005 20260324113614.0
008 008 260324s9999 xx 000 0 eng d
020 _a9781003335160
037 _aEBOOK
040 _aCRL
040 _beng
040 _cCRL
041 _2eng
041 _aeng
084 _qCRL
100 _aJames R. Alburger
_91147444
245 4 _aThe Art of Voice Acting
245 4 _bThe Craft and Business of Performing for Voiceover
260 _bTaylor and Francis
260 _c2023
365 _a
365 _b220
856 _uhttp://www.taylorfrancis.com/books/9781003335160
942 _cEBOOK
999 _c1737180
_d1737180